Yeti (Record no. 75446)

MARC details
000 -LEADER
campo de control de longitud fija 00528nam a2200169 i 4500
001 - NÚMERO DE CONTROL
campo de control 75446
003 - IDENTIFICADOR DE NÚMERO DE CONTROL
campo de control ES-MaACL
005 - FECHA Y HORA DE LA ÚLTIMA TRANSACCIÓN
campo de control 20230906172444.0
007 - CAMPO FIJO DE DESCRIPCIÓN FÍSICA--INFORMACIÓN GENERAL
campo de control de longitud fija t|
008 - DATOS DE LONGITUD FIJA--INFORMACIÓN GENERAL
campo de control de longitud fija 040924s1965 sp ||||1| spa d
100 1# - ENTRADA PRINCIPAL--NOMBRE DE PERSONA
Nombre de persona Graffigna, Carlo.
9 (RLIN) 59514
245 10 - MENCIÓN DEL TÍTULO
Título Yeti
Resto del título : historia y mito del hombre de las nieves /
Mención de responsabilidad, etc. Carlo Graffigna ; [traducción de Andrés Lupo].
260 ## - PUBLICACIÓN, DISTRIBUCIÓN, ETC.
Lugar de publicación, distribución, etc. Barcelona :
Nombre del editor, distribuidor, etc. Seix Barral,
Fecha de publicación, distribución, etc. 1965.
300 ## - DESCRIPCIÓN FÍSICA
Extensión 298 p., 32 lám. ;
Dimensiones 22 cm.
700 1# - ENTRADA AGREGADA--NOMBRE PERSONAL
Nombre de persona Lupo, Andrés.
9 (RLIN) 74803
852 ## - LOCALIZACIÓN
Ubicación ES-MaACL
Número de control de estantería C-28616
Sublocalización o colección R.57629
Holdings
Estatus retirado Estado de pérdida Estado de daño No para préstamo Biblioteca de origen Biblioteca actual Ubicación en estantería Fecha de adquisición Fuente de adquisición Total de préstamos Signatura topográfica completa Código de barras Visto por última vez Precio de reemplazo Tipo de ítem Koha
        Biblioteca del Ateneo de Madrid Biblioteca del Ateneo de Madrid Depósito 2 17/01/2008     C-28616 1078968 23/02/2023 23/02/2023 Libro impreso